Top 20 Countries by Average Annual Number of Births in 2100 - Statistics

General Stats
  • This quiz has been taken 55 times
  • The average score is 16 of 20
Answer Stats
Average Annual Number of Births Answer % Correct
9,382,686 China
100%
13,342,503 India
100%
2,809,081 Niger
100%
11,835,849 Nigeria
100%
4,460,082 United States
100%
3,082,855 Indonesia
90%
4,467,943 Pakistan
90%
5,303,702 DR Congo
88%
3,283,271 Ethiopia
88%
1,490,274 Brazil
86%
1,429,787 Kenya
80%
2,613,830 Egypt
78%
1,638,532 Uganda
78%
2,131,704 Sudan
76%
4,836,953 Tanzania
73%
3,542,087 Angola
69%
1,798,855 Mozambique
61%
1,413,810 Cameroon
53%
1,638,854 Ivory Coast
47%
1,413,219 Madagascar
47%
No matching quizzes found
Score Distribution
Percent of People with Each Score
Percentile by Number Answered
Your Score History
You have not taken this quiz